Taylor Swift Acronym - Statistics

General Stats
  • This quiz has been taken 3,473 times
  • The average score is 9 of 15
Answer Stats
Hint Answer % Correct
LWYMMD look what you made me do
95%
T1 the 1
89%
IKYWT I knew you were trouble
78%
LS Love Story
78%
WANGBT we are never getting back together
77%
NBNC no body, no crime
76%
YNTCD you need to calm down
75%
WD wildest dreams
64%
LGAD last great american dynasty
62%
OS our song
53%
BS Blank Space
52%
MTR my tears riccochet
39%
SF sparks fly
27%
SIO shake it off
26%
CI coney island
15%
No matching quizzes found
Score Distribution
Percent of People with Each Score
Percentile by Number Answered
Your Score History
You have not taken this quiz